Aprendo con la... i (Registro nro. 14949)
[ vista simple ]
| 000 -LIDER | |
|---|---|
| fixed length control field | 00774nam a2200265 4500 |
| 003 - IDENTIFICACDOR DE NÚMERO DE CONTROL | |
| control field | DO-SdBPM |
| 005 - DATE AND TIME OF LATEST TRANSACTION | |
| control field | 20250224112540.0 |
| 008 - ELEMENTOS DE LONGITUD FIJA | |
| fixed length control field | 161121b2007 sp ||| 00| 0 spa d |
| 020 ## - ISBN | |
| International Standard Book Number | 9788424117757 |
| 040 ## - FUENTE DE CATALOGACIÓN | |
| Agencia que crea de manera original el registro | DO-SdBPM |
| Idioma de catalogación | spa |
| Agencia que realiza la transcripción | BPMSU |
| Convenciones de la despripción | |
| 082 #4 - NÚMERO DE CLASIFICACIÓN DECIMAL DE DEWEY | |
| Classification number | 372.4 |
| Item number | A654i 2007 |
| Edition number | 22 |
| 245 00 - MENCIÓN DE TITULO | |
| Título | Aprendo con la... i |
| 260 ## - PUBLICACIÓN, DISTRIBUCIÓN, ETC. (PIE DE IMPRENTA) | |
| Lugar de publicación, distribución, etc | Corruña, España : |
| Nombre del editor, distribuidor, etc. | Editorial Everest, |
| Fecha de publicación, distribución, etc | 2007 |
| 300 ## - DESCRIPCIÓN FÍSICA | |
| Extensión | 15 p. : |
| Otros detalles físicos | il. ; |
| Dimensiones | 21 cm |
| 490 0# - MENCIÓN DE SERIES | |
| Mención de serie | Leo con Disney |
| 590 ## - NOTA LOCAL | |
| Texto de la nota local | Inventariado, 2025/VM |
| 650 #4 - ENCABEZAMIENTO DE MATERIA--TEMÁTICO | |
| Término temático o nombre geográfico como elemento de entrada | Educación preescolar |
| 650 #4 - ENCABEZAMIENTO DE MATERIA--TEMÁTICO | |
| Término temático o nombre geográfico como elemento de entrada | Cuentos infantiles |
| 650 #4 - ENCABEZAMIENTO DE MATERIA--TEMÁTICO | |
| Término temático o nombre geográfico como elemento de entrada | Lectura recreativa |
| Subdivisión de forma | Enseñanza |
| 650 #4 - ENCABEZAMIENTO DE MATERIA--TEMÁTICO | |
| Término temático o nombre geográfico como elemento de entrada | Narración de cuentos |
| 650 #4 - ENCABEZAMIENTO DE MATERIA--TEMÁTICO | |
| Término temático o nombre geográfico como elemento de entrada | Libros y lecturas para niños |
| 710 2# - ASIENTO SECUNDARIO -- NOMBRE CORPORATIVO | |
| Nombre corporativo o de jurisdicción | Disney |
| 910 ## - VALIDACIÓN | |
| Validación | VMateo V. Control de calidad. BPMSU |
| 942 ## - ADDED ENTRY ELEMENTS (KOHA) | |
| Source of classification or shelving scheme | Dewey Decimal Classification |
| Koha item type | Libros |
| Withdrawn status | Lost status | Source of classification or shelving scheme | Damaged status | Not for loan | Home library | Current library | Date acquired | Total Checkouts | Full call number | Barcode | Date last seen | Price effective from | Koha item type |
|---|---|---|---|---|---|---|---|---|---|---|---|---|---|
| Dewey Decimal Classification | Biblioteca Pública Metropolitana Salomé Ureña | Biblioteca Pública Metropolitana Salomé Ureña | 02/24/2025 | BPMSU CGI 372.4 A654i 2007 | BPMSU25020044 | 02/24/2025 | 02/24/2025 | Libros |